Sports Quiz

Random Sports or Baseball Quiz

Oakland Athletics Opening Day Starting Pitchers Quiz Stats

Quiz Updated Apr 2, 2018

Challenge
Share
Tweet
Embed
Score 0/106 Timer 13:00
1 Play Today
Year Starter % Correct
2006Barry Zito
84.9%
2005Barry Zito
84.9%
2004Tim Hudson
77.6%
2003Tim Hudson
77.6%
2001Tim Hudson
77.6%
2002Mark Mulder
73.7%
2015Sonny Gray
73.3%
2014Sonny Gray
73.3%
1995Dave Stewart
69.5%
1992Dave Stewart
69.5%
1991Dave Stewart
69.5%
1990Dave Stewart
69.5%
1989Dave Stewart
69.5%
1988Dave Stewart
69.5%
1974Catfish Hunter
67.8%
1973Catfish Hunter
67.8%
1968Catfish Hunter
67.8%
1966Catfish Hunter
67.8%
1975Vida Blue
66.5%
1971Vida Blue
66.5%
1993Bob Welch
51.8%
1937Eddie Smith
39.6%
1925Lefty Grove
38.9%
1927Lefty Grove
38.9%
1928Lefty Grove
38.9%
1930Lefty Grove
38.9%
2007Dan Haren
36.4%
2013Brett Anderson
27.1%
1987Curt Young
25.6%
1981Mike Norris
24.4%
1970Blue Moon Odom
23.5%
1969Blue Moon Odom
23.5%
2009Dallas Braden
23.2%
1972Ken Holtzman
23.1%
2018Kendall Graveman
19.1%
2011Trevor Cahill
18.7%
Year Starter % Correct
2016Rich Hill
17%
2008Joe Blanton
16.9%
2017Kendall Graveman
16.8%
1983Rick Langford
16%
1982Rick Langford
16%
1980Rick Langford
16%
1979Rick Langford
16%
1978Rick Langford
16%
1984Steve McCatty
15.9%
1919Scott Perry
14.2%
1920Scott Perry
14.2%
1921Scott Perry
14.2%
2010Ben Sheets
13.9%
2000Kevin Appier
13.2%
2012Brandon McCarthy
12.9%
1957Tom Morgan
9.7%
1999Gil Heredia
9.2%
1951Bobby Shantz
8.9%
1954Bobby Shantz
8.9%
1998Tom Candiotti
8.8%
1943Lum Harris
8.8%
1944Lum Harris
8.8%
1997Ariel Prieto
8.3%
1994Bobby Witt
8%
1977Mike Torrez
7.2%
1976Mike Torrez
7.2%
1932George Earnshaw
7.2%
1940Chubby Dean
7.1%
1941Chubby Dean
7.1%
1913Jack Coombs
6%
1926Eddie Rommel
5%
1986Chris Codiroli
5%
1985Chris Codiroli
5%
1915Herb Pennock
4.9%
1996Carlos Reyes
4.8%
1914Bullet Joe Bush
4.7%
Year Starter % Correct
1917Bullet Joe Bush
4.7%
1931Rube Walberg
4.3%
1945Bobo Newsom
4.1%
1967Jim Nash
3.9%
1952Alex Kellner
3.9%
1953Alex Kellner
3.9%
1955Alex Kellner
3.9%
1956Alex Kellner
3.9%
1964Orlando Pena
3.8%
1934Sugar Cain
3.7%
1935Sugar Cain
3.7%
1918Elmer Myers
3.6%
1959Bob Grim
3.5%
1942Phil Marchildon
3.3%
1947Phil Marchildon
3.3%
1948Phil Marchildon
3.3%
1958Ned Garver
3.2%
1923Slim Harriss
3.1%
1924Slim Harriss
3.1%
1938Harry Kelley
2.9%
1960Bud Daley
2.7%
1949Dick Fowler
2.7%
1961Ray Herbert
2.6%
1922Rollie Naylor
2.5%
1916Jack Nabors
2.3%
1962Ed Rakow
2.2%
1939George Caster
2.2%
1946Russ Christopher
2.2%
1950Carl Scheib
2.1%
1929Carroll Yerkes
1.9%
1965Moe Drabowski
1.9%
1936Bill Dietrich
1.9%
1963Diego Segui
1.8%
1933Tony Freitas
1.7%

You're not logged in!

Compare scores with friends on all Sporcle quizzes.
Join for Free
OR
Log In

Show Comments

Extras

Top Quizzes Today


Score Distribution

Your Account Isn't Verified!

In order to create a playlist on Sporcle, you need to verify the email address you used during registration. Go to your Sporcle Settings to finish the process.

Report this User

Report this user for behavior that violates our Community Guidelines.

Details: